00505 2200193 4500001002100000005001500021008004100036020002200077035001900099041000700118082001100125090001700136100002500153245005200178260004100230300002400271500000600295650001000301INLIS00000000000000220241224112111241224||||||||| | ||| |||| || |  a978-979-27-0684-0 0010-1224000002 aid0 a343.04 a343.04 MUH m0 aMuhammad Sukri Subki00aMenyelesaikan Sengketa Melalui Pengadilan Pajak aJakartabElex Media Komputindoc2007 axv, 145 hlm,: 21 cm a1 0aHukum